| 000 | 00963nam a22003497a 4500 | ||
|---|---|---|---|
| 001 | BR7705684 | ||
| 003 | BR-BrBNA | ||
| 005 | 20230928085455.0 | ||
| 007 | ta | ||
| 008 | 230509b bl.||||| |||| 00| 0 por d | ||
| 040 |
_aBR-BrBNA _bpor _cBiblioteca Nacional de Agricultura |
||
| 041 | _a(Por) | ||
| 072 |
_aF00 _b2320 _b/G514 |
||
| 090 | _ 2320 BR7705684 | ||
| 100 | 1 | _aMariano, A.H. | |
| 100 | 1 | _aFigueroa, G.S. | |
| 100 | 1 | _aRamos, J.W. | |
| 100 | 1 | _aFigueredo, J.M. | |
| 100 | 1 | _aBrandao, A.L. de A. | |
| 100 | 1 | _aChepote, R. | |
| 100 | 1 | _aPrado, M.A.P. | |
| 110 | 1 |
_aComissao Executiva do Plano da Lavoura Cacaueira, Ilheus, BA (Brasil) _92106 |
|
| 245 | 1 | _aCultivo da pimenta-do-reino [Bahia, Brasil] | |
| 260 | 3 |
_aIlheus, BA (Brasil): _c1977. |
|
| 300 | _a20 p. | ||
| 500 | _a6 ref.; 5 illus. | ||
| 650 | _aPIMENTA DO REINO | ||
| 650 | _aPRATICA CULTURAL | ||
| 650 | _aBAHIA | ||
| 909 |
_a202309 _bLucia _c55 _dLucia Elande |
||
| 942 | _cBK | ||
| 999 |
_c24621 _d24621 |
||